| 000 | 00534nam a2200181 a 4500 | ||
|---|---|---|---|
| 001 | 15413 | ||
| 003 | CO-ViMGA | ||
| 008 | 141112s2004 ck r 000 u spa d | ||
| 020 | _a9580204845 | ||
| 040 |
_aCO-ViMGA _bspa _cCO-ViMGA |
||
| 082 | 0 | 4 | _a860.4 O736u |
| 100 | 1 |
_aGutierrez, Omar _922421 |
|
| 245 | 1 | 0 |
_aAnálisis Literario de La familia de Pascual Duarte : _bCamilo Jose Cela |
| 260 |
_aBogotá, _cVoluntad, _c1991 |
||
| 300 | _a63.p. | ||
| 650 | 1 | 4 |
_aANALISIS LITERARIO - LA FAMILIA DE PASCUAL DUARTE _922422 |
| 942 |
_2ddc _cBK |
||
| 999 |
_c25746 _d25746 |
||